000 01228nam0a2200337 4500
001 RU\NLR\BIBL_A\022076975
005 20231213130834.0
010 _a978-5-17-155456-9
_94000
021 _aRU
_bКН-П-23-065194
_9КН-П-23-6630
035 _a(NLR Aleph) 022076975
035 _a(RuMoRGB)012219161
090 _a12677600
_c12677600
100 _a20231117d2023 u y0rusy50 ca
101 1 _arus
_ceng
102 _aRU
105 _ay z 000ay
181 0 _ai4
_baxxe
182 1 _an
200 1 _aРоза Марена
_e[роман]
_fСтивен Кинг
_gперевод с английского Т. Покидаевой и Н. Гордеевой
203 _aТекст
_bвизуальный
_cнепосредственный
210 _aМосква
_cАСТ
_d2023
215 _a543 с.
_d22
225 1 _aСерия "Кинг: книжная полка"
320 _aДр. произведения авт. на 2-й с. суперобл.
333 _a16+
686 1 _aШ6(7США)67-445{Лх1979-62}
700 1 _7ca
_8rus
_aКинг
_bС.
_f1947-
_gСтивен
_9110885
_3RU\NLR\AUTH\77848
942 _cBOOK
980 _aNB